| 000 | 00727nam a2200241 a 4500 | ||
|---|---|---|---|
| 999 |
_c10754 _d10754 |
||
| 001 | 10754 | ||
| 003 | BD-JhCC | ||
| 005 | 20180904101348.0 | ||
| 008 | 180904s20171996bg |||| |||| 000 0 ben d | ||
| 020 | _a9847008400439 | ||
| 035 | _a(BD-JhCC)10754 | ||
| 040 |
_aBD-JhCC _dBD-JhCC |
||
| 041 | _aben | ||
| 082 |
_a891.4415 _bMON 2017 |
||
| 100 | _aমণ্ডল, নিমাই | ||
| 245 |
_aআবৃত্তির কলাকৌশল / _cনিমাই মণ্ডল, |
||
| 260 |
_aঢাকা : _bশোভা প্রকাশ, _c২০১৭. |
||
| 300 |
_a৯৩ পৃ. : _c২১ সেমি. |
||
| 504 | _aIncludes Bibliography | ||
| 650 | _aRecitation | ||
| 650 | _aBengali Poem | ||
| 942 |
_2ddc _cBK |
||